000 00863nam a22002777a 4500
001 BR8400316
003 BR-BrBNA
005 20230928091839.0
007 ta
008 230509b bl.||||| |||| 00| 0 por d
040 _aBR-BrBNA
_bpor
_cBiblioteca Nacional de Agricultura
041 _a(Por)
072 _aK20; K10
_b/G514
090 _ K20 BR8400316
110 1 _aInstituto Brasileiro de Desenvolvimento Florestal, Brasilia, DF. Depto. de Economia Florestal
_95737
245 1 _aInventario florestal nacional (sintese dos resultados)[Brasil]
246 1 _a[National forest inventory (a result synthesis)[Brasil]]
260 3 _aBrasilia, DF (Brasil):
_c1983.
300 _a37 p.
500 _a21 tables
650 _aFLORESTA
650 _aREFLORESTAMENTO
650 _aINVENTARIO FLORESTAL
909 _a202309
_bLucia
_c55
_dLucia Elande
942 _cBK
999 _c35864
_d35864